000 00877nam a2200301Ia 4500
001 60638
003 IT-RoPAU
008 130308s9999 xx 000 0 und d
040 _aIT-RoPAU
040 _cIT-RoPAU
041 _aFRANCESE
100 _aGaudu Georges
100 _gCodice Aut. SPICS: 15007
245 _aDes yeux et des oreilles pour la television, cinematographie et information
245 _bJ.T. (Le)-Mise En Scene de L'Actualite' a la Television
250 _a1a ed.
260 _aPARIS
260 _bDocumentation Francaise
260 _c1986 [1° Ed.:1986 - Ed.Ling.Originale:1986]
300 _a"19 p. (prefazione: no ; testo: 19 [pagine: 61-79])"
500 _aMediazione televisiva Cinematografica
650 _aGENERI TELEVISIVI
650 _eCodice materia Spics: 6960
942 _cBK
957 _71
999 _c57459
_d57459
999 _bSI
999 _g1